00622nam a2200157 4500008004100000082001700041110004300058245010400101260004200205300003000247650003900277650002900316942000700345952009700352999001500449231207b1996 |||||||| |||| 00| 0 eng d a291.178bASI aAsian Conference on Religion and Peace aOur Asian neighborhood: bthe fifth assembly of the Asian conference on religion and peace nACRP V a[Ayutthaya]:b[The conference],c1996 aix, 294 p. : ill. ; 21 cm aAsia-Social conditions- Congresses aPeace- Religious aspects cRP 00102ddc4070aMAINbMAINd2023-12-07l0o291.178 ASIpRAF3322r2023-12-07w2023-12-07yRP c4301d4301